[Event "XX Miedzynarodowy Turniej Szachowy"]
[Site "XX Miedzynarodowy Turniej Szac"]
[Date "2013.07.16"]
[Round "9.11"]
[White "Wacior, Maciej"]
[Black "Zielinski, Olgierd"]
[Result "1/2-1/2"]
[WhiteElo "1758"]
[BlackElo "1900"]
[PlyCount "61"]
[EventDate "2013.??.??"]

1. d4 c5 2. c3 e6 3. Nf3 Nf6 4. e3 b6 5. Be2 Bb7 6. O-O Be7 7. h3 O-O 8. Nbd2
Qc7 9. Ne5 d6 10. Nd3 Nbd7 11. b4 a5 12. bxc5 bxc5 13. Ba3 Nd5 14. Rc1 Ba6 15.
Nb2 Rfc8 16. Bxa6 Rxa6 17. Nbc4 N5b6 18. e4 Nxc4 19. Nxc4 Nb6 20. Nxb6 Rxb6 21.
Qa4 Qc6 22. Qxc6 Rbxc6 23. dxc5 d5 24. exd5 exd5 25. c4 dxc4 26. Rxc4 Bxc5 27.
Ra4 Bb6 28. Rb1 Rf6 29. Rb2 h6 30. Rg4 Rc1+ 31. Kh2 1/2-1/2

[Event "XX Miedzynarodowy Turniej Szachowy"]
[Site "XX Miedzynarodowy Turniej Szac"]
[Date "2013.07.16"]
[Round "9.13"]
[White "Machlowski, Slawomir"]
[Black "Tarczykowski, Janusz"]
[Result "0-1"]
[WhiteElo "2159"]
[BlackElo "2026"]
[PlyCount "54"]
[EventDate "2013.??.??"]

1. g3 c5 2. Nf3 Nc6 3. Bg2 g6 4. c4 Bg7 5. Nc3 d6 6. O-O e5 7. d3 Nge7 8. a3
O-O 9. Rb1 a5 10. Bd2 Rb8 11. Ne1 Be6 12. Nc2 d5 13. cxd5 Nxd5 14. Ne4 b6 15.
b4 axb4 16. axb4 Ndxb4 17. Nxb4 Nxb4 18. Bxb4 cxb4 19. Rxb4 f5 20. Nd2 e4 21.
d4 Qd6 22. Qa4 Ra8 23. Qb5 Bxd4 24. Nc4 Qd8 25. Rfb1 Ra2 26. e3 Bc5 27. R4b3
Bd7 0-1

[Event "XX Miedzynarodowy Turniej Szachowy"]
[Site "XX Miedzynarodowy Turniej Szac"]
[Date "2013.07.16"]
[Round "9.14"]
[White "Sliwicka, Alicja"]
[Black "Cichocki, Konrad"]
[Result "1-0"]
[WhiteElo "1817"]
[BlackElo "1958"]
[PlyCount "67"]
[EventDate "2013.??.??"]

1. e4 d6 2. d4 Nf6 3. Nc3 Nbd7 4. f4 e5 5. dxe5 dxe5 6. fxe5 Nxe5 7. Qxd8+ Kxd8
8. Bg5 c6 9. O-O-O+ Kc7 10. Nf3 Nfd7 11. Bf4 f6 12. Bc4 Bd6 13. Nd4 Nd3+ 14.
cxd3 Bxf4+ 15. Kc2 Nc5 16. b4 b5 17. Ndxb5+ cxb5 18. Nxb5+ Kb6 19. bxc5+ Kxc5
20. Rb1 Bd7 21. g3 Be5 22. Rhc1 a6 23. Nc3 h5 24. Kd2 h4 25. Bd5 hxg3 26. Nb5+
Kb6 27. Nc7+ Bb5 28. Nxa8+ Ka7 29. hxg3 Bxg3 30. Rh1 Bf4+ 31. Ke2 Rc8 32. a4
Rc2+ 33. Kf3 Bxd3 34. Rb7+ 1-0

[Event "XX Miedzynarodowy Turniej Szachowy"]
[Site "XX Miedzynarodowy Turniej Szac"]
[Date "2013.07.16"]
[Round "9.15"]
[White "Wisniewski, Szymon"]
[Black "Teclaf, Pawel"]
[Result "1/2-1/2"]
[WhiteElo "1791"]
[BlackElo "1863"]
[PlyCount "57"]
[EventDate "2013.??.??"]

1. a3 d5 2. Nf3 Bg4 3. e3 e5 4. Be2 Bxf3 5. Bxf3 Nf6 6. d4 exd4 7. exd4 Bd6 8.
O-O O-O 9. Bg5 c6 10. c3 Nbd7 11. Nd2 Qc7 12. h3 h6 13. Bxf6 Nxf6 14. Re1 Nh7
15. Be2 f5 16. Bd3 Ng5 17. Qc2 Ne4 18. Nxe4 fxe4 19. Bf1 Rf6 20. g3 Raf8 21.
Re2 Qf7 22. Bg2 Qh5 23. c4 Rf3 24. b4 Rc3 25. Qxc3 Qxe2 26. Rf1 dxc4 27. Qe1
Qd3 28. Qxe4 Qxe4 29. Bxe4 1/2-1/2

[Event "XX Miedzynarodowy Turniej Szachowy"]
[Site "XX Miedzynarodowy Turniej Szac"]
[Date "2013.07.16"]
[Round "9.16"]
[White "Rogalski, Krzysztof"]
[Black "Bes, Michal"]
[Result "0-1"]
[WhiteElo "1821"]
[BlackElo "2000"]
[PlyCount "126"]
[EventDate "2013.??.??"]

1. Nf3 c5 2. c4 Nf6 3. b3 d5 4. Bb2 d4 5. d3 Nc6 6. g3 e5 7. Bg2 Be7 8. O-O O-O
9. e4 h6 10. h3 Be6 11. Na3 Nh7 12. Nc2 Ng5 13. Nxg5 Bxg5 14. Bc1 Bxc1 15. Rxc1
Qd7 16. Kh2 f5 17. exf5 Bxf5 18. Qd2 Rae8 19. Rce1 Kh8 20. Re2 Re7 21. f4 exf4
22. Rxf4 Ref7 23. Ne1 Qd6 24. Rff2 Ne5 25. Be4 Bxe4 26. Rxf7 Rxf7 27. Rxe4 Nf3+
28. Nxf3 Rxf3 29. Qg2 Qf8 30. Re8 Qxe8 31. Qxf3 Qe7 32. Kg2 g6 33. Kf2 Kg7 34.
Qf4 g5 35. Qf3 Kg6 36. Kg2 h5 37. g4 h4 38. Qf5+ Kg7 39. Qf3 Qc7 40. Kg1 a6 41.
Kg2 b5 42. Kg1 bxc4 43. bxc4 a5 44. a4 Qd7 45. Qe4 Qd6 46. Qf3 Qc7 47. Kg2 Qe7
48. Kf1 Qc7 49. Kg2 Qb8 50. Qf2 Qe8 51. Qf3 Qxa4 52. Qb7+ Kf8 53. Qc8+ Qe8 54.
Qxc5+ Qe7 55. Qxd4 Qe2+ 56. Kg1 Qe1+ 57. Kg2 Qg3+ 58. Kf1 Qf4+ 59. Qxf4+ gxf4
60. c5 a4 61. c6 Ke7 62. g5 a3 63. g6 a2 0-1

[Event "XX Miedzynarodowy Turniej Szachowy"]
[Site "XX Miedzynarodowy Turniej Szac"]
[Date "2013.07.16"]
[Round "9.17"]
[White "Balkiewicz, Henryk"]
[Black "Zurkowski, Andrzej"]
[Result "1-0"]
[WhiteElo "1808"]
[BlackElo "2020"]
[PlyCount "72"]
[EventDate "2013.??.??"]

1. Nf3 d6 2. d4 g6 3. c4 f5 4. Nc3 Nf6 5. g3 Bg7 6. Bg2 O-O 7. O-O c6 8. Qc2
Qc7 9. b3 e5 10. e4 fxe4 11. Nxe4 Nxe4 12. Qxe4 Bf5 13. Qh4 e4 14. Ng5 Bxd4 15.
Be3 Bf6 16. g4 Bc8 17. Qg3 Qe7 18. Nxe4 Bxa1 19. Rxa1 Qe5 20. Rd1 Qxg3 21. hxg3
Bxg4 22. Rxd6 Nd7 23. Bd4 Rad8 24. b4 Bf5 25. b5 Nb6 26. bxc6 Bxe4 27. Rxd8
Rxd8 28. Bxe4 Rxd4 29. cxb7 Nd7 30. c5 Rd1+ 31. Kg2 Rc1 32. c6 Nb8 33. Kf3 Kf7
34. Ke3 Ke6 35. Kd4 Kd6 36. f4 Kc7 1-0

[Event "XX Miedzynarodowy Turniej Szachowy"]
[Site "XX Miedzynarodowy Turniej Szac"]
[Date "2013.07.16"]
[Round "9.18"]
[White "Augustowski, Janusz"]
[Black "Pawlowski, Pawel"]
[Result "1-0"]
[WhiteElo "1860"]
[BlackElo "1804"]
[PlyCount "111"]
[EventDate "2013.??.??"]

1. Nf3 c5 2. g3 Nc6 3. Bg2 e5 4. e4 Be7 5. O-O Bf6 6. d3 h6 7. Nbd2 Nge7 8. Nc4
d6 9. Ne3 Be6 10. c3 Qd7 11. Nd2 g6 12. Nd5 Bg7 13. Nc4 O-O 14. Bxh6 b5 15.
Nxe7+ Nxe7 16. Bxg7 Kxg7 17. Ne3 Bh3 18. f4 Bxg2 19. Kxg2 f5 20. Qf3 exf4 21.
Qxf4 Rae8 22. Rae1 Qc6 23. Kg1 fxe4 24. Qxe4 Rxf1+ 25. Nxf1 Qxe4 26. Rxe4 d5
27. Re6 Kf7 28. Ra6 Nc8 29. Ra5 a6 30. Rxa6 Re2 31. Rc6 Ne7 32. Rxc5 Rxb2 33.
d4 Rb1 34. Kf2 Rb2+ 35. Kf3 Ke6 36. h4 Rxa2 37. Rxb5 Ra3 38. Rc5 Nf5 39. Ne3
Ne7 40. Kf4 Ra2 41. Kg5 Re2 42. Ng4 Kd6 43. Nf6 Rf2 44. g4 Rf3 45. h5 gxh5 46.
Nxh5 Nc6 47. Ng7 Nd8 48. Kg6 Rg3 49. g5 Rg2 50. Ne8+ Ke7 51. Nf6 Ne6 52. Nxd5+
Kd6 53. Ne3 Rg3 54. Nf5+ Kd7 55. Nxg3 Nxc5 56. dxc5 1-0

[Event "XX Miedzynarodowy Turniej Szachowy"]
[Site "XX Miedzynarodowy Turniej Szac"]
[Date "2013.07.16"]
[Round "9.19"]
[White "Kindler, Przemyslaw"]
[Black "Chylewski, Patryk"]
[Result "0-1"]
[WhiteElo "1768"]
[BlackElo "1740"]
[PlyCount "134"]
[EventDate "2013.??.??"]

1. e4 c5 2. Nf3 d6 3. d4 cxd4 4. Nxd4 Nf6 5. Nc3 a6 6. h3 e6 7. g4 d5 8. Bg2
Bb4 9. Nde2 Nc6 10. a3 Bxc3+ 11. Nxc3 d4 12. Ne2 e5 13. O-O Be6 14. Ng3 Nd7 15.
Re1 O-O 16. f4 f6 17. Kh2 Rc8 18. f5 Bf7 19. h4 Nc5 20. g5 Kh8 21. Qg4 fxg5 22.
hxg5 g6 23. Qh4 Qc7 24. Bh3 Rcd8 25. Qh6 Rg8 26. Rf1 d3 27. Be3 Nd4 28. fxg6
Bxg6 29. Bxd4 exd4 30. cxd3 Nxd3 31. Be6 Rge8 32. Bf5 Bxf5 33. Rxf5 Ne5 34. Kh3
d3 35. Raf1 Qd7 36. Qf6+ Kg8 37. Kg2 Ng4 38. Qb6 d2 39. Rd5 Qe7 40. Rxd8 Rxd8
41. Qb3+ Kh8 42. Qf3 Qxg5 43. Qc3+ Qe5 44. Qxe5+ Nxe5 45. Rd1 Nc4 46. Nf1 Nxb2
47. Rxd2 Rxd2+ 48. Nxd2 Kg7 49. Nb3 b6 50. Kf3 Nc4 51. a4 a5 52. Nd4 Nb2 53.
Nf5+ Kf7 54. Nd6+ Ke6 55. Nc8 Nxa4 56. Kf4 b5 57. Na7 Nc3 58. Nc6 a4 59. Nd4+
Ke7 60. Ke5 a3 61. Nc6+ Kd7 62. Nb4 a2 63. Nc2 b4 64. Na1 Nb1 65. Kd4 Nd2 66.
Kd3 b3 67. Kc3 h5 0-1